A practical guide to Linux (Record no. 179999)

MARC details
000 -LEADER
fixed length control field 00399nam a2200157Ia 4500
005 - DATE AND TIME OF LATEST TRANSACTION
control field 20250313092748.0
008 - FIXED-LENGTH DATA ELEMENTS--GENERAL INFORMATION
fixed length control field 231217s9999 xx 000 0 und d
020 ## - INTERNATIONAL STANDARD BOOK NUMBER
International Standard Book Number 9788178082516
082 ## - DEWEY DECIMAL CLASSIFICATION NUMBER
Classification number 001.6424LIN SOB;7
100 ## - MAIN ENTRY--PERSONAL NAME
Personal name Sobell, Mark G.
245 #2 - TITLE STATEMENT
Title A practical guide to Linux
260 ## - PUBLICATION, DISTRIBUTION, ETC. (IMPRINT)
Date of publication, distribution, etc. 1997
Name of publisher, distributor, etc. Pearson Education,
Place of publication, distribution, etc. New Delhi
300 ## - PHYSICAL DESCRIPTION
Extent xlvii+1013
650 ## - SUBJECT ADDED ENTRY--TOPICAL TERM
Topical term or geographic name as entry element Linux
942 ## - ADDED ENTRY ELEMENTS (KOHA)
Koha item type Books
Holdings
Date last seen Total Checkouts Full call number Accession number Old discount Cost, replacement price Price effective from Category Lost status Damaged status Department Withdrawn status bill no. bill date Permanent Location Current Location Shelving location Entry date Vendor Cost, normal purchase price Grants Currency symbol Conversion rate Discount Discount type
26/01/2024   001.6424LIN SOB;7 47594 25 393.75 26/01/2024 Books     CS   940 23/01/2009 Central Library Central Library CS 20/12/2007 Tata Book House 525.00 CS/PG RS 1 131.25 Rupees

© For any Suggestions or Query, please contact the library staff @ librarian@pes.edu or Phone: +9180 2672 1983/ 2108.